000 01100nam a2200253Ia 4500
999 _c56121
_d56121
001 23222
003 GE_BSU
005 20251001180316.0
008 181216s1995||||ge |||||||||||||| ||geo||
040 _cGE_BSU
041 _ageo
080 _a94(479.223) ბ-60
100 _aბექირიშვილი, იოსებ
_925919
245 _aამას შენზე ამბობენ, აჭარავ! :
_b(ისტორიული ნარკვევები) /
_cიოსებ ბექირიშვილი ; რედ. : ს. გოგიტიძე.
264 _aბათუმი :
_bმეცნიერება,
_c1995.
300 _a308 გვ. ;
_c20 სმ.
504 _aბიბლიოგრ. : გვ. 303
541 _h5 ლ.
653 _aამას შენზე ამბობენ, აჭარავ!
653 _aაჭარის ისტორი
653 _aისტორიული ნარკვევები
700 _aგოგიტიძე, ს.
_eრედაქტორი
_917885
942 _cBK
_2udc